| 000 | 00392nam a2200157Ia 4500 | ||
|---|---|---|---|
| 003 | GCL | ||
| 008 | 140319s9999 xx 000 0 eng d | ||
| 040 |
_aGCL / _cGCL |
||
| 082 | 0 | 4 |
_a410 _bH I |
| 100 | 1 | _aHUDSON, RICHARD | |
| 245 | 1 | 0 |
_aINVITATION TO LINGUISTICS / _cHUDSON, RICHARD |
| 260 |
_a[S.N] : _bBLACK WELL ، _c1994 |
||
| 300 | _a182 P | ||
| 650 | 0 | 4 | _aLINGUISTICS |
| 942 |
_2ddc _cBK |
||
| 999 |
_c24219 _d24219 |
||